000 00593nam a2200193Ia 4500
003 GCL
008 140319s9999 xx 000 0 ara d
040 _aGCL /
_cGCL
082 0 4 _a657.837
_bس ا
100 1 _aسامى عبدالقادر سعيد
245 1 0 _aاصول فن الخدمة فى صناعة الفنادق /
_cسامى عبدالقادر سعيد
260 _a[S.N] :
_bمكتبة الانجلوالمصرية ،
_c1995
300 _a330 ص
490 _a
650 0 4 _aالفنادق
650 0 4 _aتنظيم وادارة
650 0 4 _aالسياحة
942 _2ddc
_cBK
999 _c35131
_d35131